000 00251nam a2200109Ia 4500
008 190216s9999||||xx |||||||||||||| ||und||
100 _aThomas C J
245 0 _aUyarunna Yavanika
260 _bNbs Kottayam
650 _aMalayalam Nadakam
942 _cBK
999 _c26129
_d26129